000 00676cam a2200217 4500
001 WB3632-32
008 000000n2000 000 0 eng u
035 _a(Sirsi) u107820
245 _aCouncil tax threat
260 _c2000
490 _aNFU Business
_vJuly 2000, 14(1)
520 _aA change in the law could make owners of empty or derelict farm dwellings eligible to pay 50% council tax. Owners were previously exempt from payment under Class A rules.
590 _aWB
650 _aCOUNCIL TAX
650 _aEMPTY PROPERTY
650 _aDERELICT BUILDINGS
650 _aVACANT BUILDINGS
650 _aFARM DWELLINGS
690 _aRural
_96268
942 _n0
999 _c64403
_d64403